000 00278nam a22001337a 4500
020 _a81-7889-048-8
082 _a494
_bKOU/B
100 _aKOUSHIK, KUMAR
245 _aSRESHT HNDI NIBHANDH
260 _aILAHABAD
_bBOHRA
300 _a304
650 _aESSAY
_zINDIA
942 _cBK
999 _c4435
_d4435